LEADER 01545nam 2200445 450 001 9910677724303321 005 20231110215046.0 010 $a1-119-71126-6 010 $a1-119-71127-4 010 $a1-119-71125-8 035 $a(CKB)4100000011994802 035 $a(MiAaPQ)EBC6689153 035 $a(Au-PeEL)EBL6689153 035 $a(OCoLC)1263029013 035 $a(EXLCZ)994100000011994802 100 $a20220415d2021 uy 0 101 0 $aeng 135 $aurcnu|||||||| 181 $ctxt$2rdacontent 182 $cc$2rdamedia 183 $acr$2rdacarrier 200 00$aBiomedical data mining for information retrieval $emethodologies, techniques, and applications /$fedited by Sujata Dash [and three others] 210 1$aHoboken, New Jersey ;$aBeverly, Massachusetts :$cWiley :$cScrivener Publishing,$d[2021] 210 4$d©2021 215 $a1 online resource (448 pages) 225 0 $aArtificial intelligence and soft computing for industrial transformation 311 $a1-119-71124-X 320 $aIncludes bibliographical references and index. 410 0$aArtificial Intelligence and Soft Computing for Industrial Transformation 606 $aBiomedical engineering$xData processing 615 0$aBiomedical engineering$xData processing. 676 $a610.28 702 $aDash$b Sujata$f1964- 801 0$bMiAaPQ 801 1$bMiAaPQ 801 2$bMiAaPQ 906 $aBOOK 912 $a9910677724303321 996 $aBiomedical data mining for information retrieval$93064371 997 $aUNINA LEADER 01249nam0 22003011i 450 001 UON00224944 005 20231205103432.446 010 $a27-07-31496-X$bERR 100 $a20030730d1994 |0itac50 ba 101 $afre 102 $aFR 105 $a|||| ||||| 200 1 $aEsthétique de la mystification$etactique et stratégie littéraires$fJean-François Jeandillou 210 $aParis$cles Ed. de Minuit$d1994 215 $a239 p.$d22 cm. 410 1$1001UON00175636$12001 $aPropositions$1210 $aParis$cLes Éditions de Minuit. 606 $aFalso$3UONC048222$2FI 606 $aMISTIFICAZIONI LETTERARIE$3UONC048223$2FI 620 $aFR$dParis$3UONL002984 676 $a098$cOpere proibite, falsi e beffe letterarie.$v21 700 1$aJEANDILLOU$bJean-François$3UONV136479$0402487 712 $aLes Éditions de Minuit$3UONV254617$4650 801 $aIT$bSOL$c20260116$gRICA 899 $aSIBA - SISTEMA BIBLIOTECARIO DI ATENEO E ARCHIVIO STORICO$2UONSI 912 $aUON00224944 950 $aSIBA - SISTEMA BIBLIOTECARIO DI ATENEO E ARCHIVIO STORICO$dSI X 225 $eSI LO 66832 5 225 996 $aEsthétique de la mystification$9567571 997 $aUNIOR